Glory Glory Man United Lyrics - Statistics

General Stats
  • This quiz has been taken 16 times
  • The average score is 20 of 36
Answer Stats
Lyrics % Correct
Glory glory Man United,
100%
Glory glory Man United,
100%
Glory glory Man United,
100%
Glory glory Man United,
100%
Glory glory Man United,
100%
Glory glory Man United,
100%
Glory glory Man United,
100%
Glory glory Man United,
100%
Glory glory Man United,
100%
Glory glory Man United,
100%
Glory glory Man United,
100%
Glory glory Man United,
100%
As the reds go marching on on on!
67%
As the reds go marching on on on!
67%
As the reds go marching on on on!
67%
As the reds go marching on on on!
67%
Wembley, Wembley,
42%
Wembley, Wembley,
42%
Wembley, Wembley,
42%
Wembley, Wembley,
42%
United, Man United!
33%
United, Man United!
33%
We're the boys in red and we're on our way to Wembley!
33%
We're the boys in red and we're on our way to Wembley!
33%
Atkinson will make it eighty-three,
25%
Just like the Busby Babes in days gone by,
25%
We'll keep the red flags flying high,
25%
And everyone will know just who we are,
17%
In seventy-seven it was Docherty,
17%
They'll be singing que sera sera.
17%
We're the famous Man United and we're going to Wembley!
17%
We're the famous Man United and we're going to Wembley!
17%
We're the famous Man United and we're going to Wembley!
17%
We're the famous Man United and we're going to Wembley!
17%
You're gonna hear the masses sing with pride.
17%
You're gonna see us all from far and wide,
17%
No matching quizzes found
Score Distribution
Percent of People with Each Score
Percentile by Number Answered
Your Score History
You have not taken this quiz